| 000 | 01014nam a2200337Ia 4500 | ||
|---|---|---|---|
| 001 | Z_6508 | ||
| 003 | CHAP | ||
| 008 | 220113s9999 xx 000 0 und d | ||
| 010 | _a169775 | ||
| 020 | _a968-22-0143 \ 968-22-0152-7 (obra completa) | ||
| 040 | _cCHAP | ||
| 082 | _a813 G35 A94 | ||
| 100 |
_aGallico, Paul _9145005 |
||
| 240 | _aThe poseidon adventure | ||
| 245 |
_aLa aventura del poseidón / _cPaul Gallico; traducción Marta Isabel Guastavino |
||
| 260 |
_aMéxico : _bArtemisa, _c |
||
| 300 | _a361 p. | ||
| 440 |
_a(Bet sellers gran premier; 3) _9145006 |
||
| 500 | _aTraducción de la obra en inglés: The poseidon adventure | ||
| 503 | _aej.1: donación 2013 | ||
| 504 | _aIncluye índice | ||
| 650 | 0 |
_aLiteratura norteamericana _y Siglo XX _9144999 |
|
| 650 |
_aNovela norteamericana _x _x Siglo XX _9145000 |
||
| 700 |
_aGuastavino, Marta Isabel, tr. _9145007 |
||
| 901 | _a813 G35 A94 | ||
| 902 | _aA | ||
| 910 | _a | ||
| 942 | _c1 | ||
| 942 | _cc1 | ||
| 999 |
_c169775 _d169775 |
||